[Event "DVM U20w 2014"]
[Site "Naumburg (Saale) GER"]
[Date "2014.12.27"]
[Round "2"]
[White "Schwendel, Marleen"]
[Black "van Lindt, Marietta"]
[Result "1-0"]
[Termination "normal"]
[Board "6.4"]
[WhiteElo "938"]
[BlackElo "1135"]
[WhiteTeam "USG Chemnitz"]
[BlackTeam "SK Münster"]
[PlyCount "47"]
[WhiteFideId "16200357"]
[BlackFideId "12998842"]
[EventCountry "GER"]
[EventRounds "7"]
[EventType "team-swiss"]
[EventDate "2014.12.26"]

1. e4 e5 2. Nf3 Nc6 3. Bc4 Bc5 4. c3 Nf6 5. d4 exd4 6. cxd4 Bb6 7. Bg5 Ne7 8.
Ne5 O-O 9. Bxf6 gxf6 10. Ng4 Ng6 11. e5 fxe5 12. Nxe5 Re8 13. Qh5 d6 14. Bxf7+
Kg7 15. Bxe8 Qxe8 16. O-O dxe5 17. dxe5 Nxe5 18. Qxe8 Bd4 19. Nc3 Nc4 20. Qe7+
Kg6 21. Qb4 Bxc3 22. Qxc3 Be6 23. Rac1 Bf7 24. b3 1-0